Statistics for Who's the Film Actor/Actress?

Click here to take the quiz!

General Stats

  • This quiz has been taken 41 times
  • The average score is 11 of 20

Answer Stats

Roles Actor/Actress % Correct
Rocky Balboa, John Rambo, Barney Ross, Ray Breslin, Jack Carter..Sylvester Stallone
95%
Jack Sparrow, Gellert Grindelwald, Will Caster, Tonto, Morton Rainey..Johhny Depp
95%
Jane Smith, Lara Croft, Maleficent, Mariane Pearl, Christine Collins..Angelina Jolie
87%
Tony Stark, Peter Highman, Sherlock Holmes, Dito Montiel, Rob..Robert Downey Jr.
87%
The Joker, Bob Dylan, Alex Bernier, Dan Carter, William Thatcher..Heath Ledger
77%
Dominic Toretto, Richard Riddick, Xander Cage, Kaulder, Groot..Vin Diesel
74%
Jules Winnfield, Augustus Gibbons, Nick Fury, Roland Cox, Ken Carter..Samuel Jackson
74%
Jack Dawson, Frank Abagnale, Dom Cobb, Hugh Glass, Jordan Belfort..Leonardo DiCaprio
67%
Katniss Everdeen, Mystique, Tiffany Maxwell, Rosalyn Rosenfeld, Mariana..Jennifer Lawrence
67%
Inspector Lee, Ngoc Minh Quan, Lin Dong, Chon Wang, Passepartout..Jackie Chan
62%
Jamie Rellis, Lori Collins, Lily, Meg Griffin, Jupiter Jones..Mila Kunis
49%
Gwen Stacy, Wichita, Olive Penderghast, Jules, Hannah Weaver..Emma Stone
44%
Luke Hobbs, Smolder Bravestone, Paul Doyle, Mathayus, Bob Stone..Dwayne Johnson
38%
Frank Martin, Lee Christmas, Deckard Shaw, Handsome Rob, Arthur Bishop..Jason Statham
31%
Officer Fluzoo, Big Fella, Neon Boudeaux, Kazaam, John Henry Irons..Shaquille O'Neal
31%
Brian O'Conner, Damien Collier, Nolan Hayes, Ben Garvey, Mikey..Paul Walker
26%
Mikaela Banes, Carla Santini, April O'Neil, Jennifer Check, Desi..Megan Fox
21%
Robbie Hart, Henry Roth, Scrappy Coco, Lenny Feder, Nick Spitz..Adam Sandler
21%
Ben Barber, Darnell Lewis, Jimmy Callahan, Cedric, Kris Styles..Kevin Hart
13%
Rose O'Reilly, Katherine Murphy, Grace Connelly, Emily Poule, Julia Harris..Jennifer Aniston
10%

Score Distribution

Percentile by Number Answered

Percent of People with Each Score

Your Score History

You have not taken this quiz